<?xml version="1.0" encoding="UTF-8"?>
<marc:record xmlns:marc="http://www.loc.gov/MARC21/slim">
   <marc:leader>00000nam a2200000 a 4500</marc:leader>
   <marc:datafield ind1="1" ind2=" " tag="100">
      <marc:subfield code="a">Erlbach, Mara</marc:subfield>
      <marc:subfield code="4">aut</marc:subfield>
      <marc:subfield code="e">Verfasser/-in</marc:subfield>
   </marc:datafield>
   <marc:datafield ind1="0" ind2="0" tag="245">
      <marc:subfield code="a">Die Gabe des Winters</marc:subfield>
   </marc:datafield>
   <marc:datafield ind1="0" ind2="0" tag="245">
      <marc:subfield code="b">Roman</marc:subfield>
   </marc:datafield>
   <marc:datafield ind1="0" ind2="0" tag="245">
      <marc:subfield code="c">Mara Erlbach</marc:subfield>
   </marc:datafield>
   <marc:datafield ind1=" " ind2="1" tag="264">
      <marc:subfield code="a">München</marc:subfield>
      <marc:subfield code="b">Blanvalet</marc:subfield>
      <marc:subfield code="c">2019</marc:subfield>
   </marc:datafield>
   <marc:datafield ind1=" " ind2=" " tag="250">
      <marc:subfield code="a">Originalausgabe</marc:subfield>
   </marc:datafield>
   <marc:datafield ind1="1" ind2=" " tag="520">
      <marc:subfield code="a">Angaben aus der Verlagsmeldung

Die Gabe des Winters : Roman / von Mara Erlbach

Kann die Kraft ihrer Liebe den Schnee zum Schmelzen bringen?

In einem Land, das von ewigem Winter heimgesucht wird, muss eine junge Frau alles geben, um nicht nur Eis und Schnee zu trotzen, sondern auch ihren eigenen trügerischen Gefühlen. Denn Heldin Nuria ist Gefangene am Hof des finsteren Lord Tarik, der mit seiner bösartigen Magie die Menschen knechtet. Während diese ihre magischen Fähigkeiten verloren haben, keimt in Nuria eine verloren geglaubte Kraft – die Gabe des Winters. Mit ihrer Hilfe kann die junge Frau das Land vom Eis befreien. Aber der Preis dafür ist hoch: Nuria muss den Mann zerstören, den sie lieben gelernt hat: Lord Tarik …

</marc:subfield>
   </marc:datafield>
   <marc:datafield ind1=" " ind2=" " tag="020">
      <marc:subfield code="a">9783734161933</marc:subfield>
      <marc:subfield code="9">9783734161933</marc:subfield>
   </marc:datafield>
   <marc:datafield ind1=" " ind2=" " tag="020">
      <marc:subfield code="a">3734161932</marc:subfield>
      <marc:subfield code="9">3734161932</marc:subfield>
   </marc:datafield>
   <marc:datafield ind1=" " ind2=" " tag="300">
      <marc:subfield code="a">416 Seiten</marc:subfield>
   </marc:datafield>
</marc:record>
